000 02827nam0a2200385 4500
001 RU\NLR\BIBL_A\022790331
005 20260628205849.0
010 _a978-5-6054064-6-4
_91000
035 _a(NLR Aleph) 022790331
090 _a13744690
_c13744690
100 _a20260420d2025 u y0rusy50 ca
101 0 _arus
102 _aRU
105 _ay z 000zy
181 0 _ai
_baxxe
182 0 _an
200 1 _aЭффективность и безопасность применения рекомбинантного интерлейкина-2 (препарат Ронколейкин®) в комплексном лечении остеомиелита
_eпособие для врачей
_f[Бубнова Наталья Алексеевна, Ивануса Сергей Ярославович, Козлов Виктор Константиновичи др.]
_gПервый Санкт-Петербургский государственный медицинский университет имени И. П. Павлова, Военно-медицинская академия им. С.М. Кирова, Санкт-Петербургский государственный университет, Витебский государственный ордена Дружбы народов медицинский университет, Казахский национальный университет имени аль-Фараби
203 _aТекст
_bвизуальный
_cнепосредственный
210 _aСанкт-Петербург
_cСИНЭЛ
_d2025
215 _a55 с.
_d21
300 _aАвт. указаны на с. 3
320 _aБиблиогр.: с. 53-55 (38 назв.)
606 1 _aОстеомиелит
_jРуководства, пособия и т.п
_xТерапия ронколейкином
_92714909
_3RU\NLR\AUTH\6601772265
686 1 _aР456.148.2-52я77
701 1 _aБубнова
_bН. А.
_gНаталья Алексеевна
701 1 _aИвануса
_bС. Я.
_gСергей Ярославович
701 1 _7ca
_8rus
_aКозлов
_bВ. К.
_cд-р мед. наук
_gВиктор Константинович
_930999
_3RU\NLR\AUTH\7748064
712 0 2 _4475
_aСанкт-Петербургский государственный медицинский университет им. И. П. Павлова
_9298499
_3RU\NLR\AUTH\8812801
712 0 2 _4475
_aВитебский государственный медицинский университет
_9625447
_3RU\NLR\AUTH\8810061974
712 0 2 _4475
_aКазахский национальный университет им. Аль-Фараби
_cАлма-Ата
_9279790
_3RU\NLR\AUTH\884195
942 _cBOOK
980 _aNB